000 00482nam a2200205Ia 4500
001 13816
003 GE_BSU
008 181216s||||||||xx |||||||||||||| ||und||
020 _a9780061667855
040 _cGE_BSU
080 _a821.111-3
100 _aSparks,Kerrelyn.
245 _aSecret life of a vampire.
260 _aNew York.
260 _bAvon.Harper collins publishers.
260 _c2009
300 _a371p;18cm.
653 _aSecret life of a vampire.
942 _cBK
999 _c46962
_d46962